| 000 | 00411nam a2200157Ia 4500 | ||
|---|---|---|---|
| 008 | 160316s1994 xxu||||| |||| 00| 0 eng d | ||
| 082 |
_a344.010000 _bBHA |
||
| 100 | _aBhargava V B | ||
| 245 | _aIndustrial and labour laws | ||
| 250 | _a | ||
| 260 |
_aLucknow _bVinod Law Publications _c1994 |
||
| 300 |
_a494p _b _c |
||
| 365 | _bRs.300/- | ||
| 650 | _a1.Industrial Law - Labour Law | ||
| 700 |
_aBhargava Anita _a |
||
| 999 |
_c8026 _d8026 |
||